[Event "Najdorf Memorial"]
[Site "Warsaw POL"]
[Date "2023.07.13"]
[Round "3.33"]
[White "Hetzer, Volkhard"]
[Black "Korbal, Arkadiusz"]
[Result "0-1"]
[WhiteElo "1952"]
[BlackElo "2080"]

1. b3 d5 2. Bb2 Bf5 3. Nf3 e6 4. g3 Nf6 5. d3 Bd6 6. Nbd2 Nbd7 7. Bg2 h5 8.
c4 c6 9. Qc2 Bh7 10. O-O O-O 11. Rfe1 e5 12. e4 d4 13. a3 c5 14. Rab1 Ng4
15. Nh4 Nh6 16. Bc1 g5 17. Ndf3 f6 18. Qe2 Kg7 19. Qd2 Rf7 20. Bh3 Nf8 21.
Rf1 Ng8 22. Nf5+ Kh8 23. Nxd6 Qxd6 24. Bg2 Ng6 25. b4 b6 26. a4 Nf8 27. Ba3
Ne6 28. Qe2 Ne7 29. Nd2 g4 30. f3 Rg8 31. fxg4 hxg4 32. Rf2 Nc6 33. bxc5
bxc5 34. Rbf1 Nc7 35. Nb3 Na6 36. Qd2 Nab4 37. Rb1 Rb7 38. Rbf1 Rg6 39. Nc1
Bg8 40. Qd1 Rh7 41. Na2 a5 42. Nc1 Bf7 43. Nb3 Be8 44. Bxb4 Nxb4 45. Nxa5
Ra7 46. Nb3 Bxa4 47. Qb1 Bxb3 48. Qxb3 Kg7 49. Rd1 Ra5 50. Bf1 Qa6 51. Rb1
Ra3 52. Qd1 Qa4 53. Qxa4 Rxa4 54. Rfb2 Rg5 55. Be2 Kf7 56. Kg2 Ke6 57. Rb3
Ra8 58. Kg1 Rg7 59. Kh1 f5 60. exf5+ Kxf5 61. Rf1+ Kg5 62. Rb2 Rga7 63. Kg2
Ra2 64. Rfb1 Rxb2 65. Rxb2 Ra3 66. Rd2 Rc3 67. h3 gxh3+ 68. Kxh3 e4 69.
dxe4 Re3 70. Bf1 Rxe4 71. Be2 d3 72. Bd1 Rxc4 73. g4 Rc1 74. Ba4 Nd5 75.
Bb5 Rc2 76. Rd1 d2 0-1

[Event "Najdorf Memorial"]
[Site "Warsaw POL"]
[Date "2023.07.13"]
[Round "3.34"]
[White "Flaata, Alexander R."]
[Black "Lasota, Adam"]
[Result "1/2-1/2"]
[WhiteElo "2068"]
[BlackElo "1927"]

1. e4 b6 2. d4 Bb7 3. Nc3 e6 4. a3 Nf6 5. Bd3 Be7 6. Nf3 d5 7. e5 Nfd7 8.
Ne2 Ba6 9. Bxa6 Nxa6 10. Qd3 Nab8 11. h4 c5 12. c3 Nc6 13. Bg5 Qc7 14. b4
Rc8 15. b5 Na5 16. Bxe7 Kxe7 17. O-O cxd4 18. cxd4 Qc2 19. Qe3 Qf5 20. Ng3
Qg4 21. Rfc1 Rhd8 22. Rxc8 Rxc8 23. Rc1 Rc4 24. a4 Rxa4 25. Rc7 Nc4 26. Qb3
Ra3 27. Qb4+ Kd8 28. Rc6 Ra1+ 29. Kh2 Ncxe5 30. Qc3 Qxh4+ 31. Nxh4 Ng4+ 32.
Kh3 Nxf2+ 1/2-1/2

[Event "Najdorf Memorial"]
[Site "Warsaw POL"]
[Date "2023.07.13"]
[Round "3.35"]
[White "Smietanska, Wiktoria"]
[Black "Kondys, Piotr"]
[Result "1-0"]
[WhiteElo "1964"]
[BlackElo "2063"]

1. e4 e5 2. Nf3 Nc6 3. Bb5 a6 4. Ba4 Nf6 5. O-O Be7 6. Re1 b5 7. Bb3 O-O 8.
a4 Rb8 9. c3 d6 10. h3 Nd7 11. d4 Bf6 12. d5 Ne7 13. axb5 axb5 14. Bc2 g6
15. b3 Bg7 16. c4 b4 17. Ra7 Nc5 18. Be3 Na6 19. Nbd2 c5 20. Qa1 Re8 21.
Qa4 Kf8 22. Ra1 Nc7 23. Ng5 f6 24. Qa5 Na6 25. Qxd8 Rxd8 26. Ne6+ Bxe6 27.
dxe6 d5 28. exd5 1-0

[Event "Najdorf Memorial"]
[Site "Warsaw POL"]
[Date "2023.07.13"]
[Round "3.36"]
[White "Dalkowski, Rafal"]
[Black "Czerwonski, Aleksander"]
[Result "1-0"]
[WhiteElo "2025"]
[BlackElo "2326"]

1. d4 d6 2. c4 e5 3. Nc3 exd4 4. Qxd4 Nc6 5. Qd2 Nf6 6. g3 Be6 7. Nd5 a5 8.
Bg2 Ne5 9. b3 c6 10. Nf4 d5 11. Qb2 Bb4+ 12. Bd2 Bxd2+ 13. Qxd2 dxc4 14.
Qb2 Qd6 15. bxc4 Bxc4 16. Rb1 O-O 17. Nf3 Nxf3+ 18. Bxf3 Rfd8 19. O-O b5
20. Rfc1 Rac8 21. e4 Qd4 22. Qc2 Nd7 23. Rd1 Qf6 24. Bg4 Qe7 25. e5 Ra8 26.
e6 Ne5 27. Bf5 g6 28. exf7+ Qxf7 29. Be4 Bxa2 30. Rxd8+ Rxd8 31. Ra1 Bb3
32. Qc3 Re8 33. Rxa5 Bc4 34. Qa1 Qf6 35. Kg2 Kg7 36. Ra7+ Re7 37. Rxe7+
Qxe7 38. Bxc6 b4 39. Bd5 Kh6 40. Qc1 g5 41. Bxc4 gxf4 42. Qxf4+ Kg7 43. Qd4
Kf8 44. Bd5 Qd6 45. Qe4 Kg7 46. h4 h5 47. Qd4 Kf8 48. Qf4+ Ke7 49. Qg5+ Kd7
50. Be4 Qd4 51. Bf5+ Kc7 52. Qxh5 Qd5+ 53. Kf1 b3 54. Qh7+ Kb6 55. Be4 Qc4+
56. Kg2 Nf7 57. Bd3 Qc3 58. h5 Ka5 59. Bb1 Qc1 60. Qxf7 Qxb1 61. Qa7+ Kb4
62. Qb7+ Kc4 63. h6 1-0

[Event "Najdorf Memorial"]
[Site "Warsaw POL"]
[Date "2023.07.13"]
[Round "3.37"]
[White "Lecki, Leonard"]
[Black "Orzechowski, Jacek"]
[Result "1/2-1/2"]
[WhiteElo "1995"]
[BlackElo "2105"]

1. e4 d6 2. d4 g6 3. Nc3 Bg7 4. f4 a6 5. a4 b6 6. Nf3 Bb7 7. Be3 e6 8. Bc4
Ne7 9. d5 exd5 10. exd5 Nd7 11. Bd4 Nf6 12. Ne4 Nf5 13. Nxf6+ Bxf6 14. Qe2+
Kf8 15. O-O-O Nxd4 16. Nxd4 Qe8 17. Nc6 Bxc6 18. dxc6 Qxc6 19. Bd5 Re8 20.
Qxa6 Qc5 21. Qc4 Qxc4 22. Bxc4 Re4 23. Bb5 Rxf4 24. Rhf1 Be5 25. g3 Rxf1
26. Rxf1 h5 27. b4 h4 28. a5 bxa5 29. bxa5 hxg3 30. hxg3 Ke7 31. Bc6
1/2-1/2

[Event "Najdorf Memorial"]
[Site "Warsaw POL"]
[Date "2023.07.13"]
[Round "3.38"]
[White "Babiarz, Arkadiusz"]
[Black "Sanz Losada, Victoriano"]
[Result "1-0"]
[WhiteElo "1976"]
[BlackElo "2092"]

1. e4 e5 2. Nf3 Nc6 3. Bc4 Be7 4. Nc3 Nf6 5. d4 exd4 6. Nxd4 d6 7. O-O O-O
8. Nxc6 bxc6 9. f4 Bb7 10. e5 dxe5 11. fxe5 Qxd1 12. Nxd1 Ng4 13. Bf4 g5
14. Bg3 Rad8 15. h3 Nh6 16. Nc3 Rd2 17. Bd3 c5 18. Ne4 Bxe4 19. Bxe4 Rd4
20. Rae1 a5 21. Bf2 Rb4 22. b3 Rd8 23. Bd3 Kg7 24. Be3 Ra8 25. Bd2 Rb6 26.
a4 Ng8 27. Be4 Ra7 28. Bc3 f6 29. Bd5 fxe5 30. Rxe5 Bf6 31. Rxg5+ Kh6 32.
Rg3 Bxc3 33. Rxc3 Nf6 34. Rxc5 Rd6 35. Bc4 c6 36. Re5 Kg7 37. Rff5 Rd2 38.
Bd3 Nd5 39. Re6 Re7 40. Rxe7+ Nxe7 41. Rxa5 Kf6 42. Rc5 Nd5 43. Rxc6+ Ke7
44. Rc4 1-0

[Event "Najdorf Memorial"]
[Site "Warsaw POL"]
[Date "2023.07.13"]
[Round "3.39"]
[White "Dylong, Antoni"]
[Black "Saveljevs, Aleksandrs"]
[Result "1/2-1/2"]
[WhiteElo "2039"]
[BlackElo "2028"]

1. e4 c5 2. Nf3 Nc6 3. d4 cxd4 4. Nxd4 g6 5. c4 Bg7 6. Be3 Nf6 7. Nc3 O-O
8. Be2 d6 9. O-O Bd7 10. Qd2 Nxd4 11. Bxd4 Bc6 12. f3 a5 13. b3 Nd7 14. Be3
Nc5 15. Rab1 Qb6 16. Rfc1 Rfc8 17. Rc2 Qb4 18. Qc1 Qb6 19. Kh1 Qd8 20. Bf1
h5 21. a3 Kh7 22. b4 axb4 23. axb4 Na4 24. Nd5 e6 25. Nf4 Qf6 26. Ne2 Qe7
27. Nd4 Bd7 28. Nb3 b6 29. Qd2 d5 30. c5 bxc5 31. Nxc5 Nxc5 32. Bxc5 Qf6
33. Re1 Ba4 34. e5 Qh4 35. Rb2 Bh6 36. Qf2 Qxf2 37. Bxf2 Bc2 38. g3 Bd2 39.
Re2 Ra1 40. Kg2 Rd1 41. b5 Bd3 42. b6 Bc3 43. b7 Rb8 44. Ba7 Bxe2 45. Bxe2
Bxb2 46. Bxb8 Rb1 47. Bd3 Bxe5 48. Bxb1 Bxb8 49. f4 Kg7 50. Kf3 Kf6 51. Bc2
Ba7 52. Ba4 Ke7 53. Ke2 Kd6 54. Be8 Ke7 55. Ba4 Kd6 56. Be8 Ke7 1/2-1/2

[Event "Najdorf Memorial"]
[Site "Warsaw POL"]
[Date "2023.07.13"]
[Round "3.40"]
[White "Budzisz, Adrian"]
[Black "Wadelek, Karol"]
[Result "1-0"]
[WhiteElo "2037"]
[BlackElo "1943"]

1. d4 Nf6 2. c4 e6 3. g3 Bb4+ 4. Nd2 Nc6 5. Nf3 d5 6. a3 Bxd2+ 7. Qxd2 dxc4
8. Bg2 Rb8 9. Qc3 b5 10. Bg5 Bb7 11. Rd1 h6 12. Bxf6 Qxf6 13. Nd2 O-O 14.
Ne4 Qe7 15. O-O Ba8 16. e3 Nd8 17. Ra1 Bd5 18. a4 a6 19. Rfc1 Nc6 20. Nc5
Bxg2 21. Kxg2 Ra8 22. b3 cxb3 23. Nxb3 Nb4 24. Qxc7 Qf6 25. Nc5 Nd5 26. Qa5
Qd8 27. axb5 Qxa5 28. Rxa5 axb5 29. Rxb5 Ra2 30. Kf3 Rfa8 31. Rb7 g5 32. h3
h5 33. g4 hxg4+ 34. hxg4 R8a3 35. Ne4 Kg7 36. Nxg5 Ra7 37. Nxe6+ Kf6 38.
Rxa7 Rxa7 39. Nf4 Ne7 40. Rc5 Kg7 41. Ke4 Ng8 42. g5 Ne7 43. d5 1-0

[Event "Najdorf Memorial"]
[Site "Warsaw POL"]
[Date "2023.07.14"]
[Round "4.1"]
[White "Langheinrich, Ferenc"]
[Black "Kazakouski, Valery"]
[Result "0-1"]
[WhiteElo "2385"]
[BlackElo "2539"]

1. e4 c5 2. c3 d5 3. exd5 Qxd5 4. d4 Nf6 5. Nf3 a6 6. dxc5 Qxc5 7. Be2 g6
8. Nbd2 Nbd7 9. a4 b6 10. a5 b5 11. c4 bxc4 12. Nxc4 Bg7 13. Be3 Qb4+ 14.
Bd2 Qb8 15. Bc3 Bb7 16. Rc1 O-O 17. O-O Qf4 18. Qd4 Qxd4 19. Bxd4 Nd5 20.
Bxg7 Kxg7 21. g3 Rfc8 22. Nfe5 Nxe5 23. Nxe5 Nb4 24. Nc4 Kf6 25. f3 Rc5 26.
Rcd1 Bc6 27. Nb6 Ra7 28. Rd4 Rc2 29. Bc4 e5 30. Rd6+ Kg7 31. Rf2 Rc1+ 32.
Rf1 Rxf1+ 33. Kxf1 Bxf3 34. Kf2 Be4 35. Rd7 Rb7 36. Ke3 Bc6 37. Rd6 Rc7 38.
Kd2 Bb5 39. b3 Bxc4 40. Nxc4 Nc6 41. Rd5 Rb7 42. Rd6 Rc7 43. Rd5 Nd4 44.
Kc3 f6 45. b4 Kf7 46. Rd8 Ne2+ 47. Kb3 Nc1+ 48. Kc3 e4 49. Kd4 Ne2+ 50. Kd5
Nc3+ 51. Kd4 Nb5+ 52. Kd5 f5 53. g4 Nc3+ 54. Kd4 Ne2+ 55. Ke3 Rxc4 56. Kxe2
Rxb4 57. gxf5 gxf5 58. Ke3 Rb3+ 59. Kf4 Rf3+ 0-1

[Event "Najdorf Memorial"]
[Site "Warsaw POL"]
[Date "2023.07.14"]
[Round "4.2"]
[White "Rozentalis, Eduardas"]
[Black "Cukrowski, Filip"]
[Result "1/2-1/2"]
[WhiteElo "2496"]
[BlackElo "2378"]

1. e4 c5 2. Nf3 Nc6 3. Bb5 g6 4. O-O Bg7 5. c3 Nf6 6. Re1 O-O 7. d4 d5 8.
e5 Ne4 9. Bxc6 bxc6 10. Be3 cxd4 11. cxd4 f6 12. Qc1 fxe5 13. Nxe5 c5 14.
Nc3 Bb7 15. Nxe4 cxd4 16. Bxd4 dxe4 17. Nc6 Qd6 18. Qc4+ Rf7 19. Bxg7 Kxg7
20. Qd4+ Rf6 21. Qxd6 exd6 22. Nd4 Raf8 23. Rac1 R8f7 24. Rc2 Ba6 25. Rd2
d5 26. Nc2 Rb6 27. b3 Bd3 28. Nd4 Rc7 29. f3 Kf7 30. Kf2 Rb4 31. Ne2 Bxe2
1/2-1/2

[Event "Najdorf Memorial"]
[Site "Warsaw POL"]
[Date "2023.07.14"]
[Round "4.3"]
[White "Tomczak, Jacek"]
[Black "Chomczyk, Marek"]
[Result "1/2-1/2"]
[WhiteElo "2606"]
[BlackElo "2277"]

1. e4 e6 2. d4 d5 3. Nc3 Nf6 4. Bg5 dxe4 5. Nxe4 Nbd7 6. Nf3 h6 7. Nxf6+
Nxf6 8. Be3 Bd6 9. Bd3 Nd5 10. Bd2 c5 11. dxc5 Bxc5 12. Qe2 Qc7 13. Bb5+
Bd7 14. Bxd7+ Qxd7 15. Ne5 Qc7 16. Qb5+ Ke7 17. Nd3 Bd6 18. c4 Nf4 19. Nxf4
Bxf4 20. Bc3 a6 21. Qb3 Rac8 22. g3 Be5 23. O-O Bxc3 24. Qxc3 f6 25. Qb4+
Kf7 26. Rad1 Rhd8 27. c5 a5 28. Qb5 Rxd1 29. Rxd1 Qxc5 30. Qxb7+ Kg6 31.
Rd7 1/2-1/2

[Event "Najdorf Memorial"]
[Site "Warsaw POL"]
[Date "2023.07.14"]
[Round "4.4"]
[White "Yezhel, Valiantsin"]
[Black "Sengupta, Deep"]
[Result "1-0"]
[WhiteElo "2284"]
[BlackElo "2456"]

1. d4 Nf6 2. Nf3 e6 3. Bf4 b6 4. e3 Bb7 5. Nbd2 Nh5 6. Bg5 Be7 7. Bxe7 Qxe7
8. a4 a5 9. c3 f5 10. Bc4 Nf6 11. O-O O-O 12. Re1 d5 13. Bd3 Nbd7 14. c4
Ne4 15. Qb3 Rab8 16. Rac1 c5 17. cxd5 exd5 18. Bb5 Rf6 19. Bxd7 Qxd7 20.
Ne5 Nxd2 21. Qc2 Qe8 22. Qxd2 c4 23. Qc2 Rc8 24. b3 f4 25. exf4 Rxf4 26.
Qd2 Rh4 27. f4 Rh6 28. bxc4 Qxa4 29. c5 bxc5 30. dxc5 Qb4 31. Qf2 Ba8 32.
Rb1 Qa3 33. Qd4 Rf6 34. Re3 Qa2 35. Ra1 Qc2 36. Rxa5 Qc1+ 37. Kf2 g5 38. g3
Qh1 39. Ng4 Rg6 40. Ra7 1-0

[Event "Najdorf Memorial"]
[Site "Warsaw POL"]
[Date "2023.07.14"]
[Round "4.5"]
[White "Kowalczyk, Rafal"]
[Black "Sieciechowicz, Marcin"]
[Result "0-1"]
[WhiteElo "2173"]
[BlackElo "2395"]

1. e4 c5 2. Nf3 d6 3. Bb5+ Nd7 4. a4 Nf6 5. Nc3 g6 6. a5 a6 7. Bc4 Qc7 8.
Qe2 e6 9. d4 cxd4 10. Nxd4 Ne5 11. Bb3 Bg7 12. Be3 O-O 13. h3 Bd7 14. f4
Nc6 15. Nxc6 Bxc6 16. Bb6 Qe7 17. O-O Nh5 18. Qe1 g5 19. g3 gxf4 20. gxf4
Kh8 21. Kh2 Rg8 22. Ba4 Bh6 23. Be3 Rg3 24. Rg1 Rxe3 0-1

[Event "Najdorf Memorial"]
[Site "Warsaw POL"]
[Date "2023.07.14"]
[Round "4.6"]
[White "Tsiapko, Andrii"]
[Black "Kaczmarek, Aleksander"]
[Result "0-1"]
[WhiteElo "1996"]
[BlackElo "2313"]

1. d4 Nf6 2. Nf3 g6 3. Nbd2 Bg7 4. e4 d6 5. Bc4 O-O 6. O-O Nc6 7. c3 e5 8.
dxe5 Nxe5 9. Nxe5 dxe5 10. Qe2 a5 11. a4 Qe7 12. b3 Rd8 13. Ba3 Qe8 14.
Rad1 Nh5 15. Rfe1 Nf4 16. Qf3 h5 17. h3 c6 18. Bf1 b5 19. Kh2 Rb8 20. Qe3
Be6 21. axb5 cxb5 22. c4 Bh6 23. cxb5 Kh7 24. Qc3 Rdc8 25. Qxe5 Rc2 26. Bb2
Qf8 27. g3 Rc5 28. Qf6 Bg5 29. Qd4 Rd8 30. Qa4 Rc2 31. Ba3 Qg7 32. e5 Rdxd2
33. Rxd2 Rxd2 34. gxf4 Rxf2+ 35. Kg1 Rxf4 36. Qxa5 Bh4 37. Re2 Qh6 38. Qc3
Qg5+ 39. Bg2 Qf5 40. Bc1 Rf2 41. Rxf2 Qxf2+ 42. Kh1 Bd5 43. Bxd5 Qf1+ 44.
Kh2 Bf2 45. h4 Bg1+ 0-1

[Event "Najdorf Memorial"]
[Site "Warsaw POL"]
[Date "2023.07.14"]
[Round "4.7"]
[White "Zubova, Mariya"]
[Black "Jakubowski, Krzysztof"]
[Result "1/2-1/2"]
[WhiteElo "2163"]
[BlackElo "2486"]

1. e4 g6 2. d4 Bg7 3. Nc3 d6 4. f4 a6 5. a4 Nc6 6. Nf3 Bg4 7. Be3 d5 8. e5
Nh6 9. Be2 Nf5 10. Bf2 e6 11. O-O h5 12. h3 Bh6 13. Qd2 Bxf3 14. Bxf3 h4
15. Ne2 f6 16. c4 O-O 17. cxd5 exd5 18. Qd3 Nb4 19. Qb3 a5 20. Nc3 c6 21.
Ne4 fxe5 22. fxe5 Kg7 23. Nc5 Qe7 24. Rfe1 Bf4 25. Bg4 Bg3 26. Bxg3 hxg3
27. Rad1 Nxd4 28. Qc3 Nf5 29. e6+ d4 30. Rxd4 Nxd4 31. Qxd4+ Kh7 32. Re4
Nd5 33. Nd7 Qg7 34. Nxf8+ Rxf8 35. Qxg7+ Kxg7 36. Bf3 Rf4 37. Re1 Kf8 38.
b3 Ke7 39. Re5 Rb4 40. Bxd5 cxd5 41. Re3 b5 42. Rxg3 bxa4 43. bxa4 Rxa4 44.
Rxg6 Ra1+ 45. Kf2 a4 46. h4 a3 47. h5 d4 48. h6 Rh1 49. Rg7+ Kxe6 50. Ra7
Kd5 51. Rxa3 Rxh6 52. g4 Ke4 53. Ra8 Rf6+ 54. Kg3 Rf3+ 55. Kh4 d3 56. Rd8
Ke3 57. Kh5 Rf4 58. g5 Rd4 59. Re8+ Kf2 60. Rf8+ Kg2 61. Ra8 d2 62. Ra1
d1=Q+ 63. Rxd1 Rxd1 64. g6 Kf3 65. g7 Rg1 66. Kh6 Kf4 67. Kh7 Kf5 68. g8=Q
Rxg8 69. Kxg8 1/2-1/2

[Event "Najdorf Memorial"]
[Site "Warsaw POL"]
[Date "2023.07.14"]
[Round "4.8"]
[White "Gagare, Shardul"]
[Black "Karpus, Michal"]
[Result "1/2-1/2"]
[WhiteElo "2480"]
[BlackElo "2212"]

1. e4 e5 2. Nf3 Nc6 3. Bc4 Bc5 4. O-O Nf6 5. d3 d6 6. c3 O-O 7. a4 a5 8.
Nbd2 Ne7 9. Bb3 Ng6 10. Re1 Re8 11. h3 h6 12. d4 exd4 13. cxd4 Bb4 14. e5
dxe5 15. Nxe5 Be6 16. Nxg6 Bxb3 17. Rxe8+ Qxe8 18. Nxb3 fxg6 19. Bf4 Nd5
20. Be5 Qf7 21. Nd2 Qf5 22. Nf1 Rf8 23. Qe2 Nf4 24. Qc4+ Kh7 25. Ng3 Qf7
26. Qc2 Qd5 27. Qe4 c6 28. Bxf4 Qxe4 29. Nxe4 Rxf4 30. f3 Rf7 31. Kf2 g5
32. Ke3 Kg6 33. Rh1 Kf5 34. h4 gxh4 35. Rxh4 Ke6 36. g4 Rd7 37. f4 Rd5 38.
f5+ Kf7 39. Rh1 Be7 40. Rc1 h5 41. gxh5 Rxf5 42. Rh1 c5 43. h6 cxd4+ 44.
Kxd4 gxh6 45. Rxh6 b5 46. b3 bxa4 47. bxa4 Ke8 1/2-1/2

[Event "Najdorf Memorial"]
[Site "Warsaw POL"]
[Date "2023.07.14"]
[Round "4.9"]
[White "Fiszer, Bartosz"]
[Black "Jarmula, Lukasz"]
[Result "1/2-1/2"]
[WhiteElo "2194"]
[BlackElo "2435"]

1. e4 d5 2. exd5 Qxd5 3. Nc3 Qd6 4. d4 c6 5. Bc4 Be6 6. d5 cxd5 7. Nxd5
Bxd5 8. Qxd5 Qxd5 9. Bxd5 Nc6 10. Bxc6+ bxc6 11. Nf3 f6 12. Be3 e5 13.
O-O-O Ne7 14. c4 Nf5 15. g4 Nxe3 16. fxe3 Bc5 17. e4 h5 18. g5 fxg5 19.
Nxe5 Rh6 20. Nd3 Bd4 21. Kc2 Re6 22. Nf4 gxf4 23. Rxd4 Rd8 24. Rxd8+ Kxd8
25. Rg1 Rxe4 26. Rxg7 f3 27. Rf7 Re2+ 28. Kc3 f2 29. a4 Ke8 30. Rf4 Ke7 31.
b4 Kd6 32. Kd4 Rd2+ 33. Ke3 Rb2 34. Kd4 Rd2+ 35. Ke3 Ra2 36. Kd4 Rd2+ 37.
Ke3 1/2-1/2

[Event "Najdorf Memorial"]
[Site "Warsaw POL"]
[Date "2023.07.14"]
[Round "4.10"]
[White "Romanishin, Oleg M"]
[Black "Zdybel, Przemyslaw"]
[Result "1/2-1/2"]
[WhiteElo "2389"]
[BlackElo "2188"]

1. Nf3 Nf6 2. g3 e6 3. Bg2 d5 4. O-O Be7 5. d4 Nbd7 6. c4 dxc4 7. Nbd2 Nb6
8. Nxc4 Nxc4 9. Qa4+ Bd7 10. Qxc4 Bc6 11. Rd1 O-O 12. Bg5 Bd5 13. Qc2 Be4
14. Qa4 Qd5 15. Bxf6 Bxf6 16. Rac1 c6 17. Rc5 Qd6 18. Ne5 Bxg2 19. Kxg2
Bxe5 20. Rxe5 Rfd8 21. Qb3 b6 22. Re4 c5 23. Qf3 Qd5 24. b3 Rac8 25. e3 c4
26. Re5 Qxf3+ 27. Kxf3 cxb3 28. axb3 Rc3 29. Rb5 Kf8 30. Ra1 Rd7 31. Rb4
Ke7 32. Ke4 1/2-1/2

[Event "Najdorf Memorial"]
[Site "Warsaw POL"]
[Date "2023.07.14"]
[Round "4.11"]
[White "Kowalski, Igor"]
[Black "Padalka, Artem"]
[Result "1/2-1/2"]
[WhiteElo "2380"]
[BlackElo "2158"]

1. e4 c5 2. Nf3 d6 3. Bb5+ Bd7 4. Bxd7+ Qxd7 5. O-O g6 6. c3 Bg7 7. d4 Nf6
8. Qe2 O-O 9. e5 Nd5 10. dxc5 dxc5 11. Rd1 Rd8 12. Qe4 Nc6 13. Re1 Nc7 14.
Nbd2 Qd5 15. Qh4 Nxe5 16. Nxe5 Bxe5 17. Nf3 Bf6 18. Bg5 Ne8 19. Re3 Ng7 20.
g4 h5 21. Bxf6 exf6 22. Qxf6 hxg4 23. Ne5 Nh5 24. Qg5 Re8 25. Rae1 Kg7 26.
Qxg4 Re6 27. Rd3 Qxa2 28. Rd7 Rxe5 29. Rxe5 Nf6 30. Qd1 Nxd7 31. Qxd7 Qxb2
32. Rxc5 Qb1+ 33. Kg2 Qe4+ 34. Kg1 Qe1+ 35. Kg2 Qe4+ 36. Kg1 Qe1+ 37. Kg2
Qe4+ 1/2-1/2

[Event "Najdorf Memorial"]
[Site "Warsaw POL"]
[Date "2023.07.14"]
[Round "4.12"]
[White "Mis, Mieszko"]
[Black "Karwowski, Kacper"]
[Result "1/2-1/2"]
[WhiteElo "2350"]
[BlackElo "2146"]

1. e4 c5 2. Nf3 Nc6 3. g3 g6 4. Bg2 Bg7 5. O-O Nf6 6. Re1 d5 7. exd5 Nxd5
8. Nc3 Nxc3 9. dxc3 Qxd1 10. Rxd1 Bf5 11. Be3 Bxc2 12. Rd2 Be4 13. Bxc5 b6
14. Re1 bxc5 15. Rxe4 Rc8 16. Rd5 Nb8 17. Ra4 Rc7 18. Ra5 Nd7 19. Nd2 e6
20. Rd6 Nb8 21. Nc4 O-O 22. Na3 a6 23. Bf1 Be5 24. Rd1 Bf6 25. Ra4 Rb7 26.
Rd2 Rd8 27. Rxd8+ Bxd8 28. Nc4 Rd7 29. Be2 f6 30. Kf1 Kf7 31. Ke1 Ke7 32.
Nd2 Ra7 33. Kd1 f5 34. Nc4 Bc7 35. Kc2 Kd7 36. Bf3 Ke7 37. b4 cxb4 38. cxb4
Nd7 39. b5 Nb6 40. Nxb6 Bxb6 41. bxa6 Rc7+ 42. Kd3 Bxf2 43. Bb7 Ba7 44. Rc4
Rxc4 45. Kxc4 e5 46. Kd5 e4 47. Bc6 Kd8 1/2-1/2

[Event "Najdorf Memorial"]
[Site "Warsaw POL"]
[Date "2023.07.14"]
[Round "4.13"]
[White "Wiech, Grzegorz"]
[Black "Cherniaiev, Tykhon"]
[Result "1/2-1/2"]
[WhiteElo "2140"]
[BlackElo "2331"]

1. e4 e5 2. Nf3 Nc6 3. Bc4 Bc5 4. c3 Nf6 5. d3 d6 6. b4 Bb6 7. Nbd2 h6 8.
Bb3 a6 9. Nc4 Ba7 10. Be3 O-O 11. Bxa7 Rxa7 12. Ne3 Be6 13. Nd5 Bxd5 14.
Bxd5 Ne7 15. Bb3 Ng6 16. O-O Ra8 17. Re1 c6 18. d4 Qc7 19. g3 Rfe8 20. dxe5
dxe5 21. Qe2 Rad8 22. Rad1 Rxd1 23. Rxd1 Rd8 24. Rxd8+ Qxd8 25. Nd2 a5 26.
a3 axb4 27. axb4 b5 28. Kg2 Qb6 29. Qd3 Nf8 30. Nf1 c5 31. bxc5 Qxc5 32.
Ne3 b4 33. cxb4 Qxb4 34. Nd5 Nxd5 35. Qxd5 Qe7 36. h4 Qf6 37. Qa8 Qe7 38.
Bd5 h5 39. Qb7 Qxb7 40. Bxb7 Ne6 41. Kf3 g6 42. Bd5 Nc5 1/2-1/2

[Event "Najdorf Memorial"]
[Site "Warsaw POL"]
[Date "2023.07.14"]
[Round "4.14"]
[White "Sriram, Jha"]
[Black "Rozycki, Bartlomiej"]
[Result "1/2-1/2"]
[WhiteElo "2315"]
[BlackElo "2135"]

1. d4 Nf6 2. c4 e6 3. Nf3 b6 4. g3 Bb7 5. Bg2 Be7 6. O-O O-O 7. Nc3 Ne4 8.
Qc2 Nxc3 9. Qxc3 d6 10. Qd3 f5 11. Qe3 Qd7 12. Ne5 Qc8 13. Bxb7 Qxb7 14.
Nd3 Qe4 15. Qxe4 fxe4 16. Nf4 Kf7 17. d5 exd5 18. Nxd5 Na6 19. Bd2 Bf6 20.
Nxf6 gxf6 21. b4 d5 22. b5 Nc5 23. Be3 dxc4 24. Bxc5 bxc5 25. Rfc1 Rfb8 26.
Rxc4 Rxb5 27. a4 Rb2 28. Kf1 Rab8 29. Rxc5 Rb1+ 30. Rxb1 Rxb1+ 31. Kg2 Rb7
32. a5 Kg6 33. g4 Rb2 34. e3 Ra2 35. h4 c6 36. Kg3 Kf7 37. h5 h6 38. Rxc6
Rxa5 39. Kf4 Ra2 40. Kxe4 Rxf2 41. Rc7+ Kg8 42. Rxa7 Rf1 43. Re7 Rf2 44.
Kd5 Rf3 45. Ke4 Rf2 46. Ra7 Rf1 47. Rb7 Rf2 48. Rb4 Kf7 49. Rb1 Kg8 50. Rg1
Kf7 51. Rg3 Ke6 52. Rf3 Rg2 53. Kf4 Rg1 54. Rf2 Re1 55. Ra2 Rf1+ 56. Ke4
Kf7 57. Ra7+ Kg8 58. Kd5 Rf3 59. Re7 Kf8 60. Re4 Kf7 61. Kd4 Rg3 62. Kd3
Rg2 63. Rf4 Ke6 64. Ra4 Kf7 65. Re4 Kg8 66. Rf4 Kf7 67. Rb4 Kg8 68. Rd4 Kf7
69. Kc4 Rg3 70. Re4 Rg1 71. Kd5 Rd1+ 72. Rd4 Re1 73. Ke4 Rf1 74. Ra4 Rf2
75. Ra7+ Kg8 76. Kd5 Rf3 77. Ra8+ Kg7 78. Ke4 Rf1 79. Rb8 Rf2 80. Rb7+ Kg8
81. Rb5 Kf7 82. Rf5 Rg2 83. Kf3 Rg1 84. Rc5 Rf1+ 85. Kg2 Ra1 86. Rc7+ Kg8
87. e4 Ra3 88. Kf2 Rb3 89. Rc6 Kg7 90. Rc2 Kf7 91. Re2 Ra3 92. Re3 Ra1 93.
Kg3 Rf1 94. Rf3 Re1 95. Kf4 Ke6 96. Rf2 Ra1 97. Rb2 Rf1+ 98. Ke3 Rg1 99.
Rb6+ Kf7 100. Rb7+ Kg8 101. Kf3 Rf1+ 102. Kg2 Rf4 1/2-1/2

[Event "Najdorf Memorial"]
[Site "Warsaw POL"]
[Date "2023.07.14"]
[Round "4.15"]
[White "Ladan, Nicholas"]
[Black "Janeczko, Jakub"]
[Result "0-1"]
[WhiteElo "2260"]
[BlackElo "2085"]

1. d4 Nf6 2. c4 c5 3. d5 b5 4. Qc2 b4 5. e4 d6 6. Bd3 g6 7. f4 Bg7 8. Nd2
a5 9. Ne2 O-O 10. O-O a4 11. Nf3 Bg4 12. Ng3 Bxf3 13. Rxf3 a3 14. bxa3 Nxe4
15. Nxe4 Bxa1 16. Rh3 Nd7 17. Ng5 Qa5 18. Nxh7 b3 19. Qe2 Bd4+ 20. Kf1 Qc3
21. Bd2 Qa1+ 22. Be1 bxa2 23. Bxg6 fxg6 24. Qe6+ Kg7 25. Ng5 Qxe1+ 26. Kxe1
a1=Q+ 27. Kd2 Qb2+ 28. Kd1 Qb1+ 29. Kd2 Bc3+ 30. Rxc3 Qf5 31. Qxe7+ Rf7 32.
Qxd6 Nf6 33. Re3 Rb7 34. Re7+ Rxe7 35. Qxe7+ Kh6 36. Nf7+ Kh5 37. Qe2+ Ng4
38. Qf3 g5 39. h3 Qxf7 40. Qxg4+ Kg6 41. Qxg5+ Kh7 42. g4 Qg7 43. Qf5+ Kh8
44. Qh5+ Kg8 45. f5 Kf8 46. Qh4 Qd4+ 47. Ke1 Re8+ 48. Kf1 Qd1+ 0-1

[Event "Najdorf Memorial"]
[Site "Warsaw POL"]
[Date "2023.07.14"]
[Round "4.16"]
[White "Jarzebowski, Kacper"]
[Black "Deszczynski, Adam"]
[Result "1/2-1/2"]
[WhiteElo "2134"]
[BlackElo "2321"]

1. d4 Nf6 2. Bg5 e6 3. Nd2 d5 4. e4 dxe4 5. Nxe4 Nbd7 6. Nf3 Be7 7. Nxf6+
Nxf6 8. Bd3 c5 9. O-O cxd4 10. Nxd4 O-O 11. c3 h6 12. Bh4 Bd7 13. Qe2 Re8
14. Rad1 Qb6 15. Nf3 Ba4 16. b3 Bc6 17. c4 a5 18. Ne5 Red8 19. Rfe1 Be8 20.
g4 Rd4 21. Bg3 Rad8 22. Bc2 Bb4 23. Rxd4 Rxd4 24. Rd1 Qd8 25. h4 Rxd1+ 26.
Qxd1 Qxd1+ 27. Bxd1 Ne4 28. Bf3 Nxg3 29. fxg3 Bd6 30. Nd3 b6 31. Kg2 g5 32.
hxg5 hxg5 33. Be4 Kg7 34. Kf3 Bd7 35. Bb7 f5 36. Nf2 Bc5 37. Nd3 Kf6 38.
Ba8 Bd6 39. Bb7 Ba3 40. Ba8 Bc5 41. Bb7 Be8 42. Nxc5 bxc5 43. Ke3 Ke5 44.
gxf5 exf5 45. Kd3 Bg6 46. Kc3 f4 47. gxf4+ gxf4 48. Bf3 Be4 49. Bd1 f3 50.
Bxf3 Bxf3 51. a3 1/2-1/2

[Event "Najdorf Memorial"]
[Site "Warsaw POL"]
[Date "2023.07.14"]
[Round "4.17"]
[White "Korbal, Arkadiusz"]
[Black "Mickiewicz, Piotr"]
[Result "1-0"]
[WhiteElo "2080"]
[BlackElo "2245"]

1. d4 Nf6 2. c4 c5 3. d5 e6 4. Nc3 exd5 5. cxd5 d6 6. e4 g6 7. Nf3 Bg7 8.
Bb5+ Bd7 9. Qa4 O-O 10. O-O a6 11. Bxd7 Nbxd7 12. Bf4 b5 13. Qc2 b4 14. Na4
Re8 15. Rae1 Qb8 16. b3 a5 17. h3 Qc7 18. Nd2 Nh5 19. Bh2 Be5 20. f4 Bd4+
21. Kh1 Ng7 22. Nc4 f5 23. e5 dxe5 24. fxe5 Qb7 25. e6 Nf6 26. Nd6 Qxd5 27.
Nb6 Qc6 28. Nxa8 Rxa8 29. Qc4 Qd5 30. e7 Nge8 31. Qxd5+ Nxd5 32. g4 Nxd6
33. Bxd6 Kf7 34. gxf5 g5 35. f6 Re8 36. Rf5 Ne3 37. Rxg5 Kxf6 38. Rg3 Nf5
39. Rf3 Kg5 40. Bxc5 Bxc5 41. Re5 Bxe7 42. Rfxf5+ Kg6 43. Rf2 Kg7 44. Rfe2
Kf6 45. Rxa5 Rd8 46. Ra6+ Bd6 47. Rd2 Ke5 48. Ra5+ Ke4 49. Rad5 1-0

[Event "Najdorf Memorial"]
[Site "Warsaw POL"]
[Date "2023.07.14"]
[Round "4.18"]
[White "Kovalevsky, Stanislav"]
[Black "Markowski, Damian"]
[Result "1/2-1/2"]
[WhiteElo "2226"]
[BlackElo "2104"]

1. c4 Nf6 2. Nc3 d5 3. g3 d4 4. Nb1 c5 5. d3 e5 6. Bg2 h6 7. Nf3 Nc6 8. O-O
Be7 9. e3 dxe3 10. fxe3 e4 11. dxe4 Qxd1 12. Rxd1 Nxe4 13. Nd4 cxd4 14.
Bxe4 d3 15. Nc3 Bg4 16. Rxd3 O-O 17. b3 Bf6 18. Bb2 Rad8 19. Rxd8 Rxd8 20.
Bd5 Nb4 21. Rf1 Nxd5 22. cxd5 Bxc3 23. Bxc3 Rxd5 1/2-1/2